00336cam a22000977a 4500008004000000082001200040245008700052260003500139300001100174700005300185180718b1958 xxu||||| |||| 00| 0 eng d aL2 Un3t aInternational tax agreementscby Department of Economic and Social Affairs, U.S.A. aNew YorkbUnited Nationsc1958 a384+p. aU.S.A. Department of Economic and Social Affairs